01071nab a22002177a 4500003000400000005001700004008004100021040000700062100002600069245011100095260007300206300001300279500004400292505021200336505009000548650001300638650002200651650001500673650002500688773014000713OSt20250909101410.0190604e xxu||||| |||| 00| 0 spa d cPJ aPravato, Luis Emilio 13aBreves reflexiones sobre el voto a partir de la aprobación de la boleta única /cPravato, Luis Emilio  aCiudad Autónoma de Buenos Aires :bThomson Reuters La Ley, c2025. ap. 23-31 aCita Online: TR LALEY AR/DOC/135/2025.  aSumario: I. Introducción.— II. La dialéctica entre el voto y la representación política.— III. Ejercicio del voto. Un recorrido por la historia electoral argentina.— IV. A modo de conclusión. t¿Te interesa el texto completo? Solicitalo al correo: koha@justierradelfuego.gov.ar  0aSUFRAGIO 0aDERECHO ELECTORAL 0aELECCIONES 0aBOLETA ÚNICA PAPEL0 02714dCiudad Autónoma de Buenos Aires : Thomson Reuters La Ley, 2014-tRevista anales de legislación argentina. Nº 4 - Abril 2025.